| 000 | 01078nac a22003371u 4500 | ||
|---|---|---|---|
| 003 | EG-ScBUE | ||
| 005 | 20221031120517.0 | ||
| 008 | 221031t2007 maua f 001 0 eng d | ||
| 020 | _a9780262083683 (hardcover : alk. paper) | ||
| 020 | _a026208368X (hardcover : alk. paper) | ||
| 035 | _a(OCoLC)ocn105462048 | ||
| 035 | _a(OCoLC)105462048 | ||
| 040 |
_aEG-ScBUE _beng _erda _cEG-ScBUE _dEG-ScBUE |
||
| 082 | 0 | 4 |
_a721 _bHIR _222 |
| 100 | 1 |
_aHirshorn, Paul, _eauthor. |
|
| 245 | 1 | 0 |
_aWhite Towers / _cPaul Hirshorn and Steven Izenour. |
| 250 | _aRev. ed. | ||
| 264 |
_aCambridge, Massachusetts : _bMIT Press Books, _c[2007] |
||
| 264 | 4 | _cc2007 | |
| 300 |
_ax, 189 pages : _billustrations (chiefly color) ; _c24 cm |
||
| 336 |
_2rdacontent _atext _btxt |
||
| 337 |
_2rdamedia _aunmediated _bn |
||
| 338 |
_2rdacarrier _avolume _bnc |
||
| 500 | _aIncludes index. | ||
| 610 | 2 | 7 |
_aWhite Tower (Firm) _2BUEsh |
| 650 | 7 |
_aArchitectural design. _2BUEsh |
|
| 653 | _bENGARC | ||
| 655 | _vReading book | ||
| 700 | 1 |
_aIzenour, Steven, _eauthor. |
|
| 942 |
_cBB _2ddc |
||
| 999 |
_c8670 _d8670 |
||